Revue du 1 Fèvr.1891 (Запись № 10769462)

Подробности
000 -МАРКЕР
контрольное поле 01147nam0a22002891 4500
001 - ИДЕНТИФИКАТОР ЗАПИСИ
контрольное поле RU\NLR\INFOCOMM6\ROSSICA\1000356624
005 - ИДЕНТИФИКАТОР ВЕРСИИ
контрольное поле 20250613191920.0
035 ## - ДРУГИЕ СИСТЕМНЫЕ НОМЕРА
Идентификатор записи (NLR Aleph) 009943789
100 ## - ДАННЫЕ ОБЩЕЙ ОБРАБОТКИ
Данные общей обработки 20030924d1891 |||y0rusy50 ca
101 0# - ЯЗЫК РЕСУРСА
Язык текста, звукозаписи и т.д. французский
102 ## - СТРАНА ПУБЛИКАЦИИ ИЛИ ПРОИЗВОДСТВА
Страна публикации российская федерация
105 ## - ПОЛЕ КОДИРОВАННЫХ ДАННЫХ: ТЕКСТОВЫЕ МАТЕРИАЛЫ, МОНОГРАФИЧЕСКИЕ
Кодированные данные о монографическом текстовом документе y ||||000ay
200 1# - ЗАГЛАВИЕ И СВЕДЕНИЯ ОБ ОТВЕТСТВЕННОСТИ
Основное заглавие Revue du 1 Fèvr.1891
Сведения, относящиеся к заглавию Troupes cantonnées à St.Pétersbourg et dans les villes environnantes
-- Commandant en chef: son altesse impériale, le Général Aide de camp grand duc Wladimir Alexandrowitch
-- Chef de l'état major Son Altesse Impériale: Lieutenant-Général Bobrikoff
-- La revue sera commandée par le Général Aide de camp Manzey, commandant du corps de la garde
210 ## - ПУБЛИКАЦИЯ, РАСПРОСТРАНЕНИЕ И ДР.
Место издания, распространения и т.д. S.Pétersbourg
Дата издания, распространения и т.д. 1891
215 ## - ФИЗИЧЕСКАЯ ХАРАКТЕРИСТИКА
Размеры
600 #1 - ИМЯ ЛИЦА КАК ПРЕДМЕТ
Начальный элемент ввода Aide
Дополнения к именам, кроме дат генерал
Код системы PSBO
600 #0 - ИМЯ ЛИЦА КАК ПРЕДМЕТ
Начальный элемент ввода Vladimir Aleksandrovič
Дополнения к именам, кроме дат вел.кн.
Даты 1847-1909
Код системы PSBO
600 #1 - ИМЯ ЛИЦА КАК ПРЕДМЕТ
Начальный элемент ввода Bobrikov
Дополнения к именам, кроме дат лейтенант-генерал
Код системы PSBO
600 #1 - ИМЯ ЛИЦА КАК ПРЕДМЕТ
Начальный элемент ввода Manzey
Код системы PSBO
801 #1 - ИСТОЧНИК ЗАПИСИ
Страна российская федерация
Организация InfoComm
Дата составления 20030924
801 #0 - ИСТОЧНИК ЗАПИСИ
Страна российская федерация
Организация NLR
Правила каталогизации PSBO
852 ## - МЕСТОНАХОЖДЕНИЕ И ШИФР ХРАНЕНИЯ
Идентификатор организации NLR
Шифр хранения (Call Number) 12.53.6.310
942 ## - ДОПОЛНИТЕЛЬНЫЕ ЭЛЕМЕНТЫ ЗАПИСИ (АБИС)
Тип экземпляра АБИС Книга
980 ## - КОЛЛЕКЦИЯ
Название коллекции Национальная библиография
980 ## - КОЛЛЕКЦИЯ
Название коллекции Россика
Экземпляры
Тип экземпляра Дата поступления Библиотека постоянного хранения Библиотека текущего хранения Место хранения Шифр хранения Штрих-код Статус не для выдачи
Книга 26.10.2013 РНБ (Садовая) РНБ (Садовая) Иностранный книжный фонд, главное здание (Садовая) 12.53.6.310 9943789-10